Na ruských trzích je poznání mentality základem

Potreba voliť v rôznych regiónoch rôzne prístupy marketingového pôsobenia na území bývalého Sovietskeho zväzu. Nutnosť zastúpenia alebo partnera. Dôležitosť osobného prístupu. Kvalitná znalosť jazyka.

Salvato in:
Dettagli Bibliografici
Autore principale: Slovák, Jan
Natura: Capitolo di libro
Lingua:ceco
Soggetti:
Tags: Aggiungi Tag
Nessun Tag, puoi essere il primo ad aggiungerne!!

MARC

LEADER 00000naa$a2200000$$$4500
001 0056241
005 20231018130454.5
041 0 |a cze 
044 |a CZ 
245 1 0 |a Na ruských trzích je poznání mentality základem  |c Jan Slovák 
520 |a Potreba voliť v rôznych regiónoch rôzne prístupy marketingového pôsobenia na území bývalého Sovietskeho zväzu. Nutnosť zastúpenia alebo partnera. Dôležitosť osobného prístupu. Kvalitná znalosť jazyka. 
610 2 0 |a trhy 
610 2 0 |a Rusko 
610 2 0 |a firmy 
610 2 0 |a kultúra 
610 2 0 |a obchod 
100 1 |a Slovák, Jan